LEADER 01198nam a2200277 i 4500 001 000000251261 003 CaOOAMICUS 005 20161011000000.0 008 161011s1988 it u000 u ita u 013 $a230166 020 $a88-311-2503-6 040 $aSeMil$bita 100 1 $aBaggio, Antonio Maria.$0(OLS)http://semarc/name/8038 245 13$aLa strada di Eros :$bsessualità e amore nella società delle immagini /$cAntonio Maria Baggio. 260 $aRoma :$bCittà Nuova,$ccopyr. 1988. 300 $a108 p. ;$c20 cm. 490 0 $aSpazio famiglia : Testi, Tracce 500 $aContiene : Riferimenti bibliografici. 650 4$aFamiglia - Studi.$0(OLS)http://semarc/subject/5647 650 4$aSessualità - Studi.$0(OLS)http://semarc/subject/4716 830 0$aSpazio famiglia.$0(OLS)http://semarc/title/36206 850 $aSeMil 852 $aSeMil$W1$xVenegono$y1$m3M II 250$j201607$B201607$CSeMilBibl$Z2$F213829 $81 996 $6020$a88-311-2503-6$9(OLS)http://semarc/number/262072 996 $6245$aLa strada di Eros :$bsessualità e amore nella società delle immagini$9(OLS)http://semarc/title/353414 996 $6260$aRoma :$bCittà Nuova$9(OLS)http://semarc/publisher/29609 LEADER 00940nam a2200193 i 4500 001 000000240816 003 CaOOAMICUS 005 20150413000000.0 008 150413s1778 it u000 u lat u 013 $a219721 026 $ad.p- a-e- s.e- CaAd (3) 1778 (R) 040 $aSeMil$bita 245 10$aTomus 3. 300 $aVIII, 532 p. 500 $aSegn. : *4 A-3T4 3V6. 773 0 $aAlexandre, Noël <1639-1724>$tR.P. Natalis Alexandri ... Historia ecclesiastica veteris novique testamenti ab orbe condito ad annum post Christum natum millesimum sexcentesimum ... Opera et studio Constantini Roncaglia ... Quibus accedunt, praeter animadversiones a P. Joanne Dominico Mansi ... Tomus 1 [-9.].$dVenetiis : Ex Typographia Joannis Gatti, sumptibus Remondinianis, 1778.$g3$w()31746 850 $aSeMil 852 $aSeMil$W1$xVenegono$y1$m3D VI 3 FA$j191162$B191162$CSeMilBibl$Z2$F201978 $8I 996 $6245$aTomus 3$9(OLS)http://semarc/title/70582